00471 a2200169 450000100060000002000180000604000220002410000200004624000240006624500190009030000080010936200090011765000350012694200070016195201160016899900170028459769 a9783570132852 cAnchieta - Pituba aCaveney, Philip10aSebastian darklpor10aSebastian dark a3500 a2007 4aLiteratura juvenil em alemàƒo cBK 00104070a91.1b91.1d2023-11-21l0oLJ 028.543 C381s CAV SEBp11228/PITr2023-11-21 18:27:51w2023-11-21yBK c59769d59769